|
|
|
|
| LEADER |
01179nam a2200277 a 4500 |
| 001 |
000921945 |
| 003 |
CZ BrMZK |
| 005 |
20160302085613.0 |
| 007 |
ta |
| 008 |
020701s1946 xr f cze d |
| 040 |
|
|
|a BOA001
|b cze
|c BOA001
|
| 072 |
|
7 |
|a 821.124
|x Latinská literatura, latinsky psaná
|2 Konspekt
|9 25
|
| 100 |
1 |
|
|a Stiebitz, Ferdinand,
|d 1894-1961
|7 jk01121191
|4 aut
|
| 245 |
1 |
0 |
|a Stručné dějiny římské literatury pro střední školy /
|c Ferdinand Stiebitz
|
| 250 |
|
|
|a 2. vyd.
|
| 260 |
|
|
|a V Praze :
|b Jednota českých matematiků a fysiků,
|c 1946
|
| 300 |
|
|
|a 296 s.
|
| 650 |
0 |
7 |
|a latinsky psaná literatura
|7 ph122193
|2 czenas
|
| 655 |
|
7 |
|a učebnice středních škol
|7 fd133771
|2 czenas
|
| 910 |
|
|
|a BOA001
|b PK-II-0012.612-46
|
| 964 |
|
|
|a Literatura římská - dějiny - učebnice - školy střední
|
| 990 |
|
|
|a BK
|
| 991 |
|
|
|b 200811
|
| 996 |
6 |
|
|b 2619756937
|c 2-0262.926
|l MZK
|r Sklad / do 24 hodin
|n 4
|w 000921945
|u 000030
|a 1
|e BOA001
|j MZK50
|s P
|
| 996 |
7 |
|
|b 2619968631
|c 2-0262.926
|l MZK
|r Sklad / do 24 hodin
|n 13
|w 000921945
|u 000020
|a 1
|e BOA001
|j MZK50
|s A
|
| 996 |
6 |
|
|b BC-618842
|c PK-II-0012.612-46
|l MZK
|r Sklad / do 1 hodiny
|n 0
|w 000921945
|u 000010
|a 1
|e BOA001
|j MZK50
|s P
|